|
|
|
|
| LEADER |
00000nab a2200000uu 4500 |
| 001 |
vtls011482096 |
| 003 |
SK-MaSNL |
| 005 |
20260303132324.0 |
| 008 |
230218|1968 xo |||||||||||||||||slo| |
| 015 |
|
|
|a SNBRB
|
| 035 |
|
|
|a (urnnbn)urn:nbn:sk:snk:ar-006ta3
|
| 035 |
|
|
|a (uuid)81aad5ef-67c2-49a9-a809-a38cb1decf3a
|
| 035 |
|
|
|a urn:nbn:sk:snk-abd998
|
| 040 |
|
|
|a SNKBUCL
|b slo
|c SNKBUCL
|e AACR2
|
| 041 |
0 |
|
|a slo
|
| 044 |
|
|
|a xo
|c SK
|
| 100 |
1 |
|
|a Holländerová, Eva
|4 aut
|9 1149920
|
| 245 |
1 |
0 |
|a Viliam Rovňák, Tranzistorové napäťové meniče.
|c Eva Holländerová
|
| 773 |
0 |
|
|t Elektrotechnický časopis : časopis Elektrotechnického ústavu CEFV SAV Bratislava
|g Roč. 19, č. 8 (1968), s. 635
|
| 954 |
|
|
|a odborná, vedecká literatúra pôvodná (slovenská)
|2 lita
|
| 958 |
|
|
|a OND
|
| 958 |
|
|
|a EUIPO
|
| 958 |
|
|
|a article18
|
| 999 |
|
|
|c 1950366
|d 1952296
|